Las elecciones municipales a debate / (Record no. 59732)

MARC details
000 -LEADER
campo de control de longitud fija 00667nam a2200205 i 4500
001 - NÚMERO DE CONTROL
campo de control 59732
003 - IDENTIFICADOR DE NÚMERO DE CONTROL
campo de control ES-MaACL
005 - FECHA Y HORA DE LA ÚLTIMA TRANSACCIÓN
campo de control 20230906164105.0
007 - CAMPO FIJO DE DESCRIPCIÓN FÍSICA--INFORMACIÓN GENERAL
campo de control de longitud fija t|
008 - DATOS DE LONGITUD FIJA--INFORMACIÓN GENERAL
campo de control de longitud fija 031030s1976 sp ||||1| spa d
245 04 - MENCIÓN DEL TÍTULO
Título Las elecciones municipales a debate /
Mención de responsabilidad, etc. Joan Reventós ... [et al.] ; [textos en catalán traducidos por Joan-Lluis Bozzo].
260 ## - PUBLICACIÓN, DISTRIBUCIÓN, ETC.
Lugar de publicación, distribución, etc. [Barcelona] :
Nombre del editor, distribuidor, etc. 7 x 7,
Fecha de publicación, distribución, etc. [1976]
300 ## - DESCRIPCIÓN FÍSICA
Extensión 179 p. ;
Dimensiones 18 cm.
490 1# - MENCIÓN DE SERIE
Mención de serie Alternativa ;
Designación de volumen o secuencia 1
700 1# - ENTRADA AGREGADA--NOMBRE PERSONAL
Nombre de persona Bozzo, Joan Lluís (
Fechas asociadas al nombre 1953-)
9 (RLIN) 31221
700 1# - ENTRADA AGREGADA--NOMBRE PERSONAL
Nombre de persona Reventós, Joan (
Fechas asociadas al nombre 1927-2004)
9 (RLIN) 151763
830 0# - PUNTO DE ACCESO ADICIONAL DE SERIE-TÍTULO UNIFORME
Título uniforme Alternativa ;
Designación de volumen o secuencia 1
9 (RLIN) 184227
852 ## - LOCALIZACIÓN
Ubicación ES-MaACL
Número de control de estantería A-6153
Sublocalización o colección R.94756
Holdings
Estatus retirado Estado de pérdida Estado de daño No para préstamo Biblioteca de origen Biblioteca actual Ubicación en estantería Fecha de adquisición Fuente de adquisición Total de préstamos Signatura topográfica completa Código de barras Visto por última vez Precio de reemplazo Tipo de ítem Koha
        Biblioteca del Ateneo de Madrid Biblioteca del Ateneo de Madrid Sala Pecera Planta 1 17/01/2008     A-6153 1062650 23/02/2023 23/02/2023 Libro impreso